| 000 | 00806cam a2200205K 4500 | ||
|---|---|---|---|
| 082 |
_a973.7 _bATK _cD |
||
| 100 | 1 |
_aAtkinson, Charles Francis, _946050 |
|
| 245 | 1 | 0 |
_aGrant's campaigns of 1864 and 1865 _bThe Wilderness and Cold Harbor (May 3-June 3, 1864). |
| 260 |
_aLondon, _bH. Rees, _c1908. |
||
| 300 |
_a1 online resource (xiv, 466 p.) _billus., 22 fold. maps. |
||
| 490 | 0 | _aThe Pall Mall military series | |
| 500 | _a3 folded maps in pocket. | ||
| 526 |
_a0 _b0 _c0 _d973_700000000000000_ATK |
||
| 650 | 0 |
_aCold Harbor, Battle of, Va., 1864. _950041 |
|
| 650 | 0 |
_aMCE _9379 |
|
| 650 | 0 |
_aSpotsylvania Court House, Battle of, Va., 1864. _950042 |
|
| 650 | 0 |
_aWilderness, Battle of the, Va., 1864. _950043 |
|
| 856 | 4 | 0 | _uhttp://catalog.hathitrust.org/api/volumes/oclc/2698769.html |
| 942 |
_2ddc _cBK |
||
| 999 |
_c552773 _d552773 |
||